Talleres de Formación Ciudadana. Sociedad democrática

Saved in:
Bibliografiske detaljer
Hovedforfatter: Vargas Moreno, Natalia (directora contenidos)
Format: Ukendt
Sprog:engelsk
Udgivet: Santiago, Chile. Planeta, 2018
Fag:
Tags: Tilføj Tag
Ingen Tags, Vær først til at tagge denne postø!

MARC

LEADER 00000 a2200000 4500
003 CL-VaPUC
005 20211020074449.0
008 201119b ||||| |||| 00| 0 eng d
999 |c 431979  |d 431977 
020 |a 9789563604313 
040 |c Pontificia Universidad Católica de Valparaíso 
082 |a 372.832 VAR 2018 
100 |a Vargas Moreno, Natalia   |9 858314  |e directora contenidos  
245 |a Talleres de Formación Ciudadana.  |b Sociedad democrática  
260 |a Santiago, Chile.   |b Planeta,  |c 2018 
300 |a 184 páginas  
583 |k Cristina Rojas  |c 20201119 
650 |a Formación ciudadana   |x Sociedad   |x Democracia   |9 858315 
650 0 |a Educación cívica  |9 314665 
852 |a BIBCUR 
942 |2 ddc  |c BK 
952 |0 0  |1 0  |2 ddc  |4 0  |6 372_832000000000000_VAR_2018  |7 0  |8 A  |9 576952  |a BIBHIS  |b BIBHIS  |d 2020-11-19  |e 3  |g 16125.00  |i 5578086  |l 1  |o 372.832 VAR 2018  |p 5578086  |r 2025-01-20  |s 2021-06-10  |t 1  |v 16125.00  |w 2020-11-19  |y BK  |k HIS